| 000 | 01884nam a2200445 c 4500 | ||
|---|---|---|---|
| 003 | BLK | ||
| 005 | 20250610181157.0 | ||
| 008 | 180408b bul|||||r ||||||| ||bul|| | ||
| 010 | _aKNG00090499000 | ||
| 020 |
_a978-954-26-0689-5 _bиздат.: Хермес |
||
| 040 | _aBLK | ||
| 041 |
_aBUL _cBUL |
||
| 072 | 7 |
_2bullib _aЛ09 _xЛечебна гимнастика, йога, цигун, мудри, каланетика и др. |
|
| 080 |
_aЛечебна физкултура. Гимнастика на йогите. Даоистки техники за самолечение _b615.825.1 _x(510) _z615.825.1(510) |
||
| 080 |
_aМедицина _b61 _x(510) _z61(510) |
||
| 100 | 1 |
_aРийд, Даниъл _eпърви автор _9290654 |
|
| 139 |
_aРийд, Даниъл _bР 60 |
||
| 245 | 1 | 0 |
_aЦигун _bОвладяване на енергията на Вселената _cДаниъл Рийд; прев. от англ. Надежда Иванова Розова. |
| 257 | _aUSA | ||
| 260 |
_аПловдив _bХермес _c2008 _fХасково : Полиграфюг |
||
| 300 |
_a334 с. _bс ил. _c24 см |
||
| 380 | _a61 | ||
| 490 | 1 | _aСерия Естествено здрави | |
| 500 | _aОриг. загл. Chi-Gung / Daniel Reid. - Азб. показалец. | ||
| 650 | 4 |
_aЛечебна физкултура - Китай _9264932 |
|
| 650 | 4 |
_aМедицина, китайска _9264073 |
|
| 650 | 4 |
_aТаоизъм _9173188 |
|
| 651 | 4 |
_aКитай _9242505 |
|
| 653 | _aлечебна гимнастика | ||
| 653 | _aкитайска медицина | ||
| 653 | _aтаоизъм | ||
| 653 | _aцигун | ||
| 659 | _aЛ | ||
| 852 | _aЦб 244707 | ||
| 856 | 4 |
_qpdf _u |
|
| 856 | 4 |
_qpdf _u |
|
| 942 |
_cKNG _n0 _012 |
||
| 944 |
_aCR _c09.07.2009 _lЦветелина Шанова _k30531 |
||
| 944 |
_aED _c25.02.2014 _lф / _k |
||
| 999 |
_c85892 _d85892 |
||